000 00975nam a2200241Ia 4500
001 10743
003 GE_BSU
008 181216s||||||||xx |||||||||||||| ||und||
020 _a9789941054587
040 _cGE_BSU
080 _a005.21(075.8)
100 _aბარათაშვილი,ევგენი;ზარანდია,ჯანდრი;ფარესაშვილი,ნინო და სხვ.
245 _aსტრატეგიული მენეჯმენტი.
245 _bსახელმძღვანელო.
245 _cრედ.ლარისა თაკალანძე,დავით ჯალაღონია.
260 _aთბილისი.
260 _c2013.
300 _a434გვ;20სმ.
300 _eნახ;ცხრ;ფოტ;ბიბლიოგრ;გვ424–428.
541 _h14ლ.
653 _aსტრატეგიული მენეჯმენტი.
942 _cBK
999 _c43993
_d43993